• 首页
  • 本馆介绍
  • 公告通知
  • 最新文献
  • 馆藏检索
  • 电子资源
  • 读者导购
  • 参考咨询
  • 我的图书馆
  • 登录
  • 详细信息显示
  • 放入我的书架
  • 预约/预借图书
  • 作者相关作品
  • 分类相关作品
  • 丛书相关作品
  • 出版社相关作品

书目信息

  • 表格格式
  • 工作单格式
  • 卡片格式
题名:
文化 土楼
    
 
作者: 王忠强 编著
分册:  
出版信息: 长春   吉林出版集团有限责任公司  2018
页数: 120页
开本: 23cm
丛书名: 中国文化知识读本
单 册:
中图分类: TU241.5
科图分类:
主题词: 客家--ke jia--民居--简介--中国
电子资源:
ISBN: 978-7-5463-1537-9
000 00781nam 2200253 45
001 012001003030
005 20140126143628.0
010    @a978-7-5463-1537-9@dCNY34.80
099    @aCAL 012010195716
100    @a20100927d2010 em y0chiy50 ea
101 0  @achi
102    @aCN@b220000
105    @aa z 000yy
106    @ar
200 1  @a文化 土楼@Atu lou@f编著王忠强@FBian Zhu Wang Zhong Qiang@PBZWZQ
210    @a长春@c吉林出版集团有限责任公司@d2018
215    @a120页@c图@d23cm
225 2  @a中国文化知识读本@Azhong guo wen hua zhi shi du ben
410  0 @12001@a中国文化知识读本
606 0  @a客家@Ake jia@x民居@x简介@y中国
690    @aTU241.5@v4
701  0 @a王忠强@Awang zhong qiang@4编著
801  2 @aCN@b北京卓展@c20191020
905    @b1210146-7@dTU241.5@e1536@f2
    
    文化 土楼/编著王忠强.-长春:吉林出版集团有限责任公司,2018
    120页:图;23cm.-(中国文化知识读本)
    
    
    ISBN 978-7-5463-1537-9:CNY34.80
    
●
相关链接 在E读中查询图书 在五车中查询图书 在当当中查询图书 在豆瓣中查询图书


正题名:文化 土楼     索取号:TU241.5/1536         预约/预借

序号 登录号 条形码 馆藏地/架位号 状态 备注
1 1210146   212101465   第二样本阅览室/ [索取号:TU241.5/1536] 在馆    
2 1210147   212101474   第三借阅区/ [索取号:TU241.5/1536] 在馆    
唐山师范学院图书馆 欢迎您!
大连网信软件有限公司© 版权所有